000 00394nam a22001697a 4500
005 20160530103010.0
008 160530b xxu||||| |||| 00| 0 eng d
020 _a81-203-2350-5
041 _aeng
082 _b5946
100 _aSchiffman, Leon G & others
_91485
245 _aConsumer Behaviour
260 _aNew Delhi
_bPHI,
300 _a587
650 _aManagement
_9241
942 _cBK
999 _c2103
_d2102